000 00487nam a2200157 4500
001 126600
003 ES-MaACL
007 t|
008 070214s1954 sp r ||||1| spa d
100 1 _aRequena, Fermín.
_996291
245 1 0 _aMadina Ruuda /
_cFermín Requena ; prólogo de Tomás García Figueras.
260 _aAntequera :
_b[s. n.],
_c1954 (
_fTip. El Siglo XX)
300 _a120 p. ;
_c20 cm.
700 1 _aGarcía Figueras, Tomás.
_954615
852 _aES-MaACL
_jC-8808
_bR.36430
999 _c126600
_d126600